| 000 | 00881nam a2200265 i 4500 | ||
|---|---|---|---|
| 001 | 172518 | ||
| 003 | ES-MaACL | ||
| 005 | 20250808011424.0 | ||
| 008 | 090714s1985 sp |||| | spa d | ||
| 017 | _aB 16801-1985 | ||
| 020 | _a84-7634-115-6 | ||
| 080 | _a573.5 | ||
| 100 | 0 |
_aSagan, Carl. _9101399 |
|
| 245 | 1 | 3 |
_aLa conexión cósmica / _cCarl Sagan ; [traducción, Jaime Piñeiro]. |
| 260 |
_aBarcelona : _bOrbis, _c1985. |
||
| 300 |
_a255 p. : _bil. ; _c20 cm. |
||
| 490 | 1 |
_aBiblioteca de divulgación científica ; _v1 |
|
| 500 | _aEn la cub. : Muy Interesante. | ||
| 594 | _aTraducción : The cosmic connection. | ||
| 650 | 0 | 7 |
_aVida en otros planetas _2embne _917792 |
| 700 | 0 |
_aPiñeiro, Jaime. _992259 |
|
| 830 | 0 |
_aBiblioteca de divulgación científica ; _v1 _9223355 |
|
| 852 |
_aES-MaACL _jE-12836 _9R.143501 |
||
| 999 |
_c172518 _d172518 |
||